| 000 -LEADER |
| fixed length control field |
02388nam a2200301 a 4500 |
| 001 - CONTROL NUMBER |
| control field |
ASIN1442211350 |
| 005 - DATE AND TIME OF LATEST TRANSACTION |
| control field |
20170105102846.0 |
| 008 - FIXED-LENGTH DATA ELEMENTS--GENERAL INFORMATION |
| fixed length control field |
130816s2012 xxu eng d |
| 020 ## - INTERNATIONAL STANDARD BOOK NUMBER |
| International Standard Book Number |
1442211350 (paperback) |
| Terms of availability |
$39.95 |
| 020 ## - INTERNATIONAL STANDARD BOOK NUMBER |
| International Standard Book Number |
9781442211353 (paperback) |
| 040 ## - CATALOGING SOURCE |
| Original cataloging agency |
0 |
| 050 04 - LIBRARY OF CONGRESS CALL NUMBER |
| Classification number |
DS779.27 |
| 082 04 - DEWEY DECIMAL CLASSIFICATION NUMBER |
| Classification number |
327.51 |
| 100 1# - MAIN ENTRY--PERSONAL NAME |
| Personal name |
Sutter, Robert G. |
| 245 10 - TITLE STATEMENT |
| Title |
Chinese foreign relations : |
| Remainder of title |
power and policy since the cold war / |
| Statement of responsibility, etc. |
Robert G. Sutter. |
| 250 ## - EDITION STATEMENT |
| Edition statement |
Third Edition. |
| 260 ## - PUBLICATION, DISTRIBUTION, ETC. |
| Place of publication, distribution, etc. |
[S.l.] : |
| Name of publisher, distributor, etc. |
Rowman & Littlefield Publishers, |
| Date of publication, distribution, etc. |
2012. |
| 300 ## - PHYSICAL DESCRIPTION |
| Extent |
446 p. ; |
| Dimensions |
23 cm. |
| 490 1# - SERIES STATEMENT |
| Series statement |
Asia in world politics. |
| 520 ## - SUMMARY, ETC. |
| Summary, etc. |
China is rightly considered an emerging power in world affairs as Chinese leaders, backed by growing economic and military strength, engage in innovative diplomatic approaches that pave the way for China's international role. But this is only part of the story of China’s rise. As Robert G. Sutter shows in this meticulous and balanced assessment, the record of twists and turns in Chinese foreign relations since the end of the Cold War highlights a very different perspective. Domestic problems, nationalism, and security concerns continue to preoccupy Beijing, complicating China's influence and innovations in foreign affairs. On the international front, the actions of other powerful nations and growing dependence on the world economy complicate as well as enhance China’s advance to international prominence. Newly revised, this edition features more extensive treatment of China’s role in the international economy and greater discussion of its relations with the developing world. Providing a comprehensive introduction to Chinese foreign relations, Sutter shows Chinese leaders exerting growing influence in world affairs but remaining far from dominant. Facing numerous contradictions and trade-offs, they move cautiously to avoid major confrontations, costly commitments, or mistakes that could undermine their one-party rule as they deal with an international environment posing numerous challenges as well as opportunities for Chinese interests. |
| 650 #0 - SUBJECT ADDED ENTRY--TOPICAL TERM |
| Topical term or geographic name entry element |
China |
| 650 #0 - SUBJECT ADDED ENTRY--TOPICAL TERM |
| Topical term or geographic name entry element |
International relations |
| 650 #0 - SUBJECT ADDED ENTRY--TOPICAL TERM |
| Topical term or geographic name entry element |
Political science |
| 650 #0 - SUBJECT ADDED ENTRY--TOPICAL TERM |
| Topical term or geographic name entry element |
World politics |
| 830 #0 - SERIES ADDED ENTRY--UNIFORM TITLE |
| Uniform title |
Asia in world politics. |
| 856 40 - ELECTRONIC LOCATION AND ACCESS |
| Materials specified |
Amazon.com |
| Uniform Resource Identifier |
<a href="http://www.amazon.com/exec/obidos/ASIN/1442211350/chopaconline-20">http://www.amazon.com/exec/obidos/ASIN/1442211350/chopaconline-20</a> |
| 942 ## - ADDED ENTRY ELEMENTS (KOHA) |
| Source of classification or shelving scheme |
|
| Koha item type |
Book |